000 00427nam a2200157Ia 4500
003 GCL
008 140319s9999 xx 000 0 eng d
040 _aGCL /
_cGCL
082 0 4 _a153.15
_bH L
100 1 _aHILL, WINFRED F.
245 1 0 _aLEARNING: A SURVEY OF SYCHOLOGICAL INTERPRETATIONS /
_cHILL, WINFRED F.
260 _a[S.N] :
_bLONGMAN ،
_c1997
300 _a216 P
650 0 4 _aLEARNING PSYCHOLOGY
942 _2ddc
_cBK
999 _c13072
_d13072